Spekanie gélu hydroxiapatitu lisovaného výsokými tlakmi : Obh. 10.6.1996 /

Na minha lista:
Detalhes bibliográficos
Autor principal: Gajdošová, Janka (Author)
Formato: Manuscrito Livro
Idioma:eslovaco
Publicado em: Bratislava : STU v Bratislave ChtF, 1996
Tags: Adicionar Tag
Sem tags, seja o primeiro a adicionar uma tag!

MARC

LEADER 00000ntm a22000003a 4500
001 stu23964
005 20150617225747.7
008 960624s1996----xo------------------slo-d
040 |a STU  |b slo 
041 0 |a slo 
044 |a xo 
100 1 |a Gajdošová, Janka  |4 aut 
245 1 |a Spekanie gélu hydroxiapatitu lisovaného výsokými tlakmi :  |b Obh. 10.6.1996 /  |c [aut.]Gajdošová,Janka 
260 |a Bratislava :  |b STU v Bratislave ChtF,  |c 1996 
300 |a 42 s :  |b Tab.,grafy,lit 
500 |a Zameranie: Keramika, sklo a cement 
996 |b CD12159  |c C*D12159  |l CCI  |s A  |a 24  |w stu23964_0001